Responses for Show #8489 - Thursday, October 14, 2021

Jonathan Fisher game 4.

Contestants

[<< previous game]

Ray Kimball, a retired Army officer from West Point, New York

Aline Dolinh, a MFA candidate from Allston, Massachusetts

Jonathan Fisher, an actor originally from Coral Gables, Florida (whose 3-day cash winnings total $70,000)

[next game >>]

Jeopardy! Round responses

THE 16th CENTURY
VOTING USA
MY FIRST NAME IS A TV SHOW TITLE
CONTAINERS
OLD SLANG
THIS IS NPR
(Mayim: They're celebrating 50 years on the air in 2021.)
    $200 27
Magellan

Ray
    $200 30
registration

Ray
    $200 5
Frasier

Jonathan
    $200 15
footlocker (Foot Locker)

Triple Stumper
    $200 20
a bachelor

Aline
    $200 6
the coal industry

Ray
    $400 26
Montezuma (II)

Jonathan
    $400 29
selfie

Jonathan
    $400 4
Martin

Jonathan
    $400 16
(Mayim: Very useful, yes.)

a Mason jar

Ray
    $400 24
glasses

Aline
    $400 7
All Things Considered

Ray
    $600 25
the Spanish Armada

Jonathan
    $600 28
Houston

Jonathan
    $600 1
Barry

Jonathan
    $600 17
flasks

Jonathan
    $600 23
(Jonathan: What are teeth?)
...
(Mayim: What are [*]? The better to crush beetles with.)

feet

Jonathan
Triple Stumper
    $600 8
(Ray: What are bots?)

robocalls

AlineRay
    $1,000 12
Copernicus

Ray
    $800 13
souls

Ray
    $800 3
Arthur

Jonathan
    $800 18
a sensory deprivation tank

Ray
    $800 22
an admiral

Ray
    $800 10
Wait Wait... Don't Tell Me!

Jonathan
    $1000 9
(Thomas) Cromwell

Jonathan
    $1000 14
(Mayim: 1965.)

the Voting Rights Act

Jonathan
    $1000 2
(Ray: Who is June?)
(Aline: Who is Archie?)

Maude

AlineRay
Triple Stumper
    $1000 19
a hope chest

Jonathan
    $1000 21
Peck's Bad Boy

Triple Stumper
    $1000 11
Collins

Ray

Scores at the first commercial break (after clue 15):

Jonathan Aline Ray
$4,800 -$400 $1,800

Scores at the end of the Jeopardy! Round:

Jonathan Aline Ray
$7,800 $200 $4,200

Double Jeopardy! Round responses

TWISTER!
MURDER, HE WROTE
VERBS
SONG OF MYSELF
GEO TRIOS
THIS IS N-P-R
(Mayim: All responses begin with "N"; "P" and "R" follow somewhere after.)
    $400 28
a hurricane

Ray
    $400 3
Perry Mason

Jonathan
    $400 30
scarf

Jonathan
    $400 21
BTS

Aline
    $400 25
Lithuania

Ray
    $400 8
Newport

Jonathan
    $800 27
Tornado Alley

Ray
    $2,500 4
(Mayim: Yes, from The Hound of the Baskervilles.)

Arthur Conan Doyle

Jonathan
    $800 29
(Aline: What is conduct?)

to engineer

Aline
Triple Stumper
    $800 20
"Dancing With Myself"

Jonathan
    $800 24
Raleigh

Triple Stumper
    $800 9
a nipper

Aline
    $1200 26
Doppler

Ray
    $1200 5
The Black Dahlia

Ray
    $1200 23
Vanishes

Jonathan
    $1200 15
Selena Gomez

Aline
    $2,200 22
Indonesia

Aline
    $1200 14
Napster

Jonathan
    $1600 19
a dust devil

Jonathan
    $1600 6
The Alienist

Jonathan
    $1600 18
eschew

Triple Stumper
    $1600 2
Joan Jett

Jonathan
    $1600 13
Three Gorges

Jonathan
    $1600 11
non partisan

Aline
    $2000 17
(Jonathan: What is Saffir-Simpson?)

the Fujita Scale

Jonathan
Triple Stumper
    $2000 7
The Postman Always Rings Twice

Jonathan
    $2000 16
couch

Triple Stumper
    $2000 1
(Aline: Uh, what is "I Will Always Love You"?)
...
(Mayim: What is [*]? "Don't wanna be...")

"All By Myself"

Aline
Triple Stumper
    $2000 12
Pretoria

Ray
    $2000 10
neoprene

Jonathan

Scores at the end of the Double Jeopardy! Round:

Jonathan Aline Ray
$23,100 $3,600 $10,200
(lock game)

[wagering suggestions for these scores]

Final Jeopardy! Round responses

U.S. HISTORY
(Mayim: [To Ray] Popular election of [*] wouldn't happen for another 125 years.)
AlineWhat are delegates to the Constitutional Convention??? :)
$3,600
RayWhat are U.S. Senators?
$10,195
JonathanWhat are Senators?
$900
(U.S.) senators

Final scores:

Jonathan Aline Ray
$24,000 $0 $20,395
4-day champion: $94,000 3rd place: $1,000 2nd place: $2,000

Game dynamics:

Coryat scores:

Jonathan Aline Ray
$21,400 $2,600 $10,000
26 R
(including 1 DD),
2 W
8 R
(including 1 DD),
3 W
16 R
(including 1 DD),
2 W

Combined Coryat: $34,000

[game clues] [game scores] [suggest correction]

Game tape date: 2021-09-09
The J! Archive is created by fans, for fans. Scraping, republication, monetization, and malicious use prohibited; this site may use cookies and collect identifying information. See terms. The Jeopardy! game show and all elements thereof, including but not limited to copyright and trademark thereto, are the property of Jeopardy Productions, Inc. and are protected under law. This website is not affiliated with, sponsored by, or operated by Jeopardy Productions, Inc. Join the discussion at JBoard.tv.